000 01070nam a22003377a 4500
001 BR7905541
003 BR-BrBNA
005 20230928090052.0
007 ta
008 230509b bl.||||| |||| 00| 0 por d
040 _aBR-BrBNA
_bpor
_cBiblioteca Nacional de Agricultura
041 _a(Por)
072 _aF00; E15; E70
_b1740
_b3575
_b/G514
090 _ 1740 BR7905541
110 1 _aEmpresa Brasileira de Pesquisa Agropecuaria, Brasilia, DF
_93834
245 1 _aIndicativos para um projeto de implantacao de uma unidade de beneficiamento e enlatamento de semente de cebola [Allium cepa; Estatistica de producao; Rio Grande do Sul; Brasil]
260 3 _aBrasilia, DF (Brasil):
_cJul 1979.
300 _a18 p.
500 _a7 tables
650 _aProducao vegetal
650 _aMicroeconomia
650 _aComercializacao
650 _aCebola
650 _aSemente
650 _aBeneficiamento
650 _aEnlatamento
650 _aEstatistica de producao
650 _aRio Grande do Sul
909 _a202309
_bLucia
_c55
_dLucia Elande
942 _cBK
999 _c27692
_d27692